000
00301nam a2200145Ia 4500
100
_a
Halladay S/ Resnick/R
250
_a
2
942
_c
BK
654
_a
Physics
245
_a
Physics II
260
_b
WILEY EASTERN LIMITED
_a
New Delhi
_c
1962
300
_a
1214
546
_a
ENGLISH
999
_c
26176
_d
26176